London market bulletin : West End office market. - First quarter 1999 - fourth quarter 1999. (Record no. 97857)

MARC details
000 -LEADER
fixed length control field 00675cam a2200241 4500
001 - CONTROL NUMBER
control field J99051
008 - FIXED-LENGTH DATA ELEMENTS--GENERAL INFORMATION
fixed length control field 090401t2000 xxu||||| |||| 00| 0 eng d
035 ## - SYSTEM CONTROL NUMBER
System control number (Sirsi) u93802
041 ## - LANGUAGE CODE
Language code of text/sound track or separate title eng
050 ## - LIBRARY OF CONGRESS CALL NUMBER
Classification number 333.33709421
110 ## - MAIN ENTRY--CORPORATE NAME
Corporate name or jurisdiction name as entry element Richard Ellis St. Quintin
9 (RLIN) 3738
245 ## - TITLE STATEMENT
Title London market bulletin : West End office market. - First quarter 1999 - fourth quarter 1999.
260 ## - PUBLICATION, DISTRIBUTION, ETC.
Name of publisher, distributor, etc. Richard Ellis St. Quintin
Date of publication, distribution, etc. 1999-2000
300 ## - PHYSICAL DESCRIPTION
Extent 4pt.. ; 30cm.
350 ## - PRICE (NR) (BK AM CF MU VM SE) [OBSOLETE]
Price 0
650 ## - SUBJECT ADDED ENTRY--TOPICAL TERM
Topical term or geographic name entry element FLOORSPACE STATISTICS
650 ## - SUBJECT ADDED ENTRY--TOPICAL TERM
Topical term or geographic name entry element LONDON
650 ## - SUBJECT ADDED ENTRY--TOPICAL TERM
Topical term or geographic name entry element OFFICES
650 ## - SUBJECT ADDED ENTRY--TOPICAL TERM
Topical term or geographic name entry element WEST END OF LONDON
690 ## - LOCAL SUBJECT ADDED ENTRY--TOPICAL TERM (OCLC, RLIN)
Topical term or geographic name as entry element PROPERTY-COMMERCIAL PROPERTY
942 ## - ADDED ENTRY ELEMENTS (KOHA)
Suppress in OPAC 0
948 ## - LOCAL PROCESSING INFORMATION (OCLC); SERIES PART DESIGNATOR (RLIN)
c (OCLC) 08/06/1999
Holdings
Withdrawn status Lost status Source of classification or shelving scheme Damaged status Not for loan Home library Current library Shelving location Date acquired Total Checkouts Full call number Barcode Date last seen Copy number Price effective from Koha item type
    Dewey Decimal Classification     London London Property market reports 14/09/1999   PROPERTY MARKET REPORTS 30058576 06/08/2019 1 06/08/2019 Reference material
    Dewey Decimal Classification     London London Property market reports 02/11/1999   PROPERTY MARKET REPORTS 30059942 06/08/2019 2 06/08/2019 Reference material
    Dewey Decimal Classification     London London Property market reports 17/01/2000   PROPERTY MARKET REPORTS 30060462 06/08/2019 3 06/08/2019 Reference material
    Dewey Decimal Classification     London London Property market reports 08/02/2000   PROPERTY MARKET REPORTS 30060515 06/08/2019 4 06/08/2019 Reference material